What to expect when you're expecting / (Record no. 16157)

MARC details
000 -LEADER
fixed length control field 01211cam a2200385 a 4500
001 - CONTROL NUMBER
control field brdocm30641721
003 - CONTROL NUMBER IDENTIFIER
control field PWmBRO
005 - DATE AND TIME OF LATEST TRANSACTION
control field 20160819125643.0
008 - FIXED-LENGTH DATA ELEMENTS--GENERAL INFORMATION
fixed length control field 980428s1996 nyua j 001 0 eng
010 ## - LIBRARY OF CONGRESS CONTROL NUMBER
LC control number 98144034
020 ## - INTERNATIONAL STANDARD BOOK NUMBER
Terms of availability $12.95
International Standard Book Number 9780894808296
020 ## - INTERNATIONAL STANDARD BOOK NUMBER
International Standard Book Number 1563058758
Terms of availability $20.00
040 ## - CATALOGING SOURCE
Original cataloging agency DLC
Transcribing agency DLC
Modifying agency DLC
-- OCoLC
-- UtOrBLW
050 00 - LIBRARY OF CONGRESS CALL NUMBER
Classification number RG525
Item number .E36 1996
092 ## - LOCALLY ASSIGNED DEWEY CALL NUMBER (OCLC)
Classification number 618.24
Item number Ei83w 1996
092 ## - LOCALLY ASSIGNED DEWEY CALL NUMBER (OCLC)
Classification number j618.24
Item number Eise 1996
100 1# - MAIN ENTRY--PERSONAL NAME
Personal name Eisenberg, Arlene.
245 10 - TITLE STATEMENT
Title What to expect when you're expecting /
Statement of responsibility, etc. Arlene Eisenberg, Heidi E. Murkoff, Sandee E. Hathaway ; with a foreword by Richard Aubry.
250 ## - EDITION STATEMENT
Edition statement 2nd ed.
260 ## - PUBLICATION, DISTRIBUTION, ETC. (IMPRINT)
Place of publication, distribution, etc. New York :
Name of publisher, distributor, etc. Workman Pub.,
Date of publication, distribution, etc. c1996.
300 ## - PHYSICAL DESCRIPTION
Extent xxiii, 479 p. :
Other physical details ill. ;
Dimensions 23 cm.
336 ## - CONTENT TYPE
Content type term text
Content type code txt
Source rdacontent.
337 ## - MEDIA TYPE
Media type term unmediated
Media type code n
Source rdamedia.
338 ## - CARRIER TYPE
Carrier type term volume
Carrier type code nc
Source rdacarrier.
500 ## - GENERAL NOTE
General note Includes index.
500 ## - GENERAL NOTE
General note "Newly updated"--Label on cover.
500 ## - GENERAL NOTE
General note 2nd ed. originally published in 1991.
650 #0 - SUBJECT ADDED ENTRY--TOPICAL TERM
Topical term or geographic name as entry element Pregnancy.
650 #0 - SUBJECT ADDED ENTRY--TOPICAL TERM
Topical term or geographic name as entry element Childbirth.
650 #0 - SUBJECT ADDED ENTRY--TOPICAL TERM
Topical term or geographic name as entry element Postnatal care.
650 #1 - SUBJECT ADDED ENTRY--TOPICAL TERM
Topical term or geographic name as entry element Babies.
700 1# - ADDED ENTRY--PERSONAL NAME
Personal name Murkoff, Heidi Eisenberg.
700 1# - ADDED ENTRY--PERSONAL NAME
Personal name Hathaway, Sandee Eisenberg.
942 ## - ADDED ENTRY ELEMENTS (KOHA)
Source of classification or shelving scheme Dewey Decimal Classification
Koha item type Libro/Book
Holdings
Withdrawn status Lost status Damaged status Not for loan Home library Current library Date acquired Total Checkouts Barcode Date last seen Price effective from Koha item type Shelving location Inventory number Full call number
        San Juan Del Sur -- Biblioteca San Juan Del Sur -- Biblioteca 18/08/2016   30007783 18/08/2016 18/08/2016 Libro/Book      
        San Juan Del Sur -- Biblioteca San Juan Del Sur -- Biblioteca 18/12/2017   30000569 18/12/2017 18/12/2017 Libro/Book English Inventory date: 15-5-25 DH-NF EIS

Powered by Koha